| 000 | 00619nam a22002177a 4500 | ||
|---|---|---|---|
| 005 | 20170124110146.0 | ||
| 010 | _aA-705823 | ||
| 020 | _c00.00 | ||
| 035 | _aA-705823 | ||
| 037 | _bCen Lib/Ret | ||
| 040 |
_aDPL _bEN |
||
| 082 |
_a641.5 _bSIN |
||
| 100 |
_aSingh, Rohini _922602 |
||
| 245 |
_aFun-cooking for children / _cby Rohini Singh |
||
| 260 |
_aNew Delhi _bU B S Publishers _c1993 |
||
| 270 |
_bNew Delhi _a5 ansari road, dariya ganj _e110002 |
||
| 300 |
_a200p.: _c19cm(Hb) _bill. |
||
| 650 |
_aCooking _933406 |
||
| 650 |
_aCooking methods _933407 |
||
| 942 |
_2ddc _cEN _h641.5 _mSIN |
||
| 999 |
_c131988 _d131988 |
||